Citations For National E-Governance (Record no. 522202)

000 -LEADER
fixed length control field 00391nam a2200097 4500
082 ## - DEWEY DECIMAL CLASSIFICATION NUMBER
Classification number B3x54 CIT/2021-22
100 ## - MAIN ENTRY--PERSONAL NAME
Personal name Department Of Administrative Reforms & Public Grievances, Government Of India
9 (RLIN) 36915
245 ## - TITLE STATEMENT
Title Citations For National E-Governance
Statement of responsibility, etc by Department Of Administrative Reforms & Public Grievances, Government Of India
260 ## - PUBLICATION, DISTRIBUTION, ETC. (IMPRINT)
Place of publication, distribution, etc New delhi
Name of publisher, distributor, etc The author
Date of publication, distribution, etc 2021
300 ## - PHYSICAL DESCRIPTION
Extent 48p.
Holdings
Withdrawn status Lost status Source of classification or shelving scheme Damaged status Koha normalized classification for sorting Not for loan Permanent location Current location Date acquired Full call number Barcode Date last seen Price effective from Koha item type
        B_3X54_CIT_202122   Indian Institute of Public Administration Indian Institute of Public Administration 2023-03-14 B3x54 CIT/2021-22 GG35004 2023-03-14 2023-03-14 GG

Powered by Koha